000 00647nam a2200229Ia 4500
003 OSt
005 20220927115036.0
006 a|||||r|||| 00| 0
007 ta
008 220926b |||||||| |||| 00| 0 eng d
024 _a126945
037 _cThesis and Dissertations
040 _aRTL
_cRTL
_beng
041 _2eng
_aeng
082 _a"Y73(MK332).42.N5, J4"
100 _aNorbeck Edward
_9390164
245 0 _aTakashima
_b A Japanese fishing community
260 _c1954
650 _aEthnology
942 _h"Y73(MK332).42.N5, J4"
_cCC
999 _c705506
_d705506